Trabajar en la industria del sexo y otros tópicos migratorios /

Сохранить в:
Библиографические подробности
Главный автор: Agustín, Laura María (autor)
Формат:
Язык:испанский
Опубликовано: San Sebastián, España : Tercera Prensa, 2004, c2002
Серии:(Gakoa Liburuak ; 59)
Предметы:
Метки: Добавить метку
Нет меток, Требуется 1-ая метка записи!

MARC

LEADER 00000nam^a2200000^a^4500
001 000183637
005 20250521000000.0
009 20260310102048.071
020 |a 84-87303-79-X 
037 |a Acervo ITESO - Biblioteca 
041 |a ESP 
082 |a 305. 3150946  |b AGU 
100 |a Agustín, Laura María  |e (autor) 
245 1 0 |a Trabajar en la industria del sexo y otros tópicos migratorios /  |c L.M. Agustín ; pról. de Francisco Vázquez 
264 4 |a San Sebastián, España :  |b Tercera Prensa,  |c 2004, c2002 
300 |a 200 p. 
336 |a texto  |b txt  |2 rdacontenido 
337 |a sin mediación  |b n  |2 rdamedio 
338 |a volumen  |b nc  |2 rdasoporte 
440 1 |a (Gakoa Liburuak ;  |v 59) 
649 |a XX 
650 |a Prostitutas -  |z España -  |x Condiciones Laborales 
650 |a Migrantes -  |z España -  |x Condiciones Laborales 
650 |a Migrantes -  |z España -  |x Condiciones Sociales y Culturales 
650 |a Migración -  |z España-Latinoamérica 
650 |a Prostitución -  |z España 
650 |a Prostitución -  |x Tema Principal 
650 |a Sexualidad -  |z España 
650 |a Sexualidad -  |z Latinoamérica 
650 |a Discriminación de Género -  |z España 
650 |a Violencia -  |z España 
650 |a Diferencia y Otredad -  |z España 
650 |a Sociología -  |z España 
910 |a Fondo General 
920 |a Impresos - Libros 
930 |a Colección General 
905 |a 101 
901 |a 0500124007  |b IT1  |c ACC  |u 20250521 
902 |a https://opac.biblio.iteso.mx/vufind/Record/000183637